| 000 | 00384nam a2200145Ia 4500 | ||
|---|---|---|---|
| 008 | 220217s9999||||xx |||||||||||||| ||und|| | ||
| 020 | _a81-7808-533-X | ||
| 082 | _a629.8 AST | ||
| 100 |
_aAstron, Karl Johan Wittenmark, Bjorn _92639 |
||
| 245 | 0 | _aAdaptive control | |
| 250 | _a2nd | ||
| 260 |
_aPearson education of asia _c2001 |
||
| 300 | _b295 | ||
| 650 | _aCONTROL SYSTEM | ||
| 999 |
_c171823 _d171823 |
||